Ľudo Ondrejov v literárnohistorickej recepcii

Bibliographic Details
Main Author: Hlebová, Bibiána, 1961- (Author)
Format: Software eBook
Language:Slovak
PhysicalDescription:1 elektronický optický disk (CD-ROM) 12 cm
Published: Prešov Prešovská univerzita 2007
ISBN:9788080685911
Subjects:

MARC

LEADER 00000nam a2200000 a 4500
001 vtls009277362
003 SK-MaSNL
005 20260301081542.0
007 co bg mnuua
008 240314s2007 xo fs 000 0dslo
015 |a SNBS2010/03-02197 
020 |a 9788080685911  |q (elektronická kniha) 
040 |a SNK  |b slo  |c SNK  |e AACR2 
041 0 |a slo  |b eng  |b ger 
043 |a e-xo--- 
044 |a xo  |c SK 
072 7 |a 821.162.4.09  |x Slovenská literatúra (o nej)  |2 konspekt 
080 |a 821.162.4-051  |2 2001 
080 |a 821.162.4  |2 2001 
080 |a (437.6)  |2 2001 
080 |a (048.8)  |2 2001 
080 |a (0.034.44)  |2 2001 
100 1 |a Hlebová, Bibiána,  |d 1961-  |4 aut  |9 13171 
245 1 0 |a Ľudo Ondrejov v literárnohistorickej recepcii  |h elektronický zdroj  |c Bibiána Hlebová 
260 |a Prešov  |b Prešovská univerzita  |c 2007 
300 |a 1 elektronický optický disk (CD-ROM)  |c 12 cm 
500 |a Dokument je umiestnený na www stránke Univerzitnej knižnice PU 
500 |a Názov z titulnej obrazovky 
504 |a Biogr. údaje 
516 |a Textový dokument (monografia), súbory vo formáte html a pdf 
538 |a Technické požiadavky: Adobe Reader 6.0, internetový prehliadač 
546 |a Resumé v angl., nem. 
600 1 7 |a Ondrejov, Ľudo,  |d 1901-1962  |2 SNKMA  |9 56066 
650 0 7 |a slovenskí spisovatelia  |2 SNKPH  |9 1258 
650 0 7 |a slovenská literatúra  |2 SNKPH  |9 1115 
655 7 |a elektronické zdroje  |2 SNKPH  |9 90954 
655 7 |a CD-ROM  |2 SNKPH  |9 70236 
655 7 |a monografie  |2 SNKPH  |9 70139 
919 |a 978-80-8068-591-1 
958 |a BX 
999 |c 656183  |d 658113 
952 |a SNK  |b SNK  |y PREZ  |7 0  |p 17A0583517  |o snkSCDM 1815  |i snk2008/6606  |8 0  |0 0  |1 0  |4 0  |d 2008-03-18  |l 0  |r 2026-02-23 18:37:04  |w 2026-02-23